| 000 | 01014nam0a22002651 4500 | ||
|---|---|---|---|
| 001 | rc\2975437 | ||
| 005 | 20250530001954.0 | ||
| 035 | _a(NLR Aleph) 007121153 | ||
| 090 |
_a6864107 _c6864107 |
||
| 100 | _a20110908d1933 |||y0rusy50 ca | ||
| 101 | 0 | _arus | |
| 102 | _aRU | ||
| 105 | _aa z ||||| | ||
| 200 | 1 |
_aОбобщенные выводы формул для расчета изгибаемых основных железобетонных конструкций _fдоц. В.Н. Нерон _gСредне-Азиатск. ин-т инж. и техников ирригации |
|
| 210 |
_aТашкент _cБ. и. _d1933 _gСтеклография САИИТИ |
||
| 215 |
_a[2], 20, [1] с. _cчерт. _d24 см |
||
| 300 | _aБез тит. л. Описано по обл. | ||
| 300 | _aНаписано от руки | ||
| 300 | _aСтеклогр. | ||
| 700 | 1 |
_aНерон _bВ.Н. |
|
| 801 | 0 |
_aRU _bNLR _gpsbo |
|
| 801 | 1 |
_aRU _bELAR _2rusmarc |
|
| 852 |
_aNLR _j33-11/2475 |
||
| 942 | _cBOOK | ||
| 980 | _aNB | ||